Ida B. Wells : (Record no. 4923)
[ view plain ]
| 000 -LEADER | |
|---|---|
| fixed length control field | 00906nam a22002417a 4500 |
| 001 - CONTROL NUMBER | |
| control field | 4923 |
| 003 - CONTROL NUMBER IDENTIFIER | |
| control field | FISKH |
| 005 - DATE AND TIME OF LATEST TRANSACTION | |
| control field | 20241025102203.0 |
| 008 - FIXED-LENGTH DATA ELEMENTS--GENERAL INFORMATION | |
| fixed length control field | 241025b cb ||||| |||| 00| 0 eng d |
| 020 ## - INTERNATIONAL STANDARD BOOK NUMBER | |
| International Standard Book Number | 9780545279369 |
| 040 ## - CATALOGING SOURCE | |
| Original cataloging agency | FISKH |
| Language of cataloging | eng |
| Transcribing agency | FISKH |
| Modifying agency | FISKH |
| 050 ## - LIBRARY OF CONGRESS CALL NUMBER | |
| Classification number | E185.W55 |
| 082 ## - DEWEY DECIMAL CLASSIFICATION NUMBER | |
| Classification number | 323.092 |
| 100 ## - MAIN ENTRY--PERSONAL NAME | |
| Personal name | Myers, Walter Dean |
| 245 ## - TITLE STATEMENT | |
| Title | Ida B. Wells : |
| Remainder of title | Let the Truth Be Told / |
| Statement of responsibility, etc. | by Walter Dean Myers : illustrated by Bonnie Christensen |
| 260 ## - PUBLICATION, DISTRIBUTION, ETC. | |
| Place of publication, distribution, etc. | New York : |
| Name of publisher, distributor, etc. | Scholastic ; |
| Date of publication, distribution, etc. | 2008 . |
| 300 ## - PHYSICAL DESCRIPTION | |
| Extent | 37 pages : |
| Other physical details | color illustrations ; |
| Dimensions | 26 cm . |
| 520 ## - SUMMARY, ETC. | |
| Summary, etc. | Award-winning author Myers tells the story of legendary civil rights figure Ida B. Wells, who fought to make the lives of African Americans better long before the events of the 20th century. |
| 650 ## - SUBJECT ADDED ENTRY--TOPICAL TERM | |
| Topical term or geographic name entry element | African Americans |
| Form subdivision | non-fiction |
| 700 ## - ADDED ENTRY--PERSONAL NAME | |
| Personal name | Christensen, Bonnie |
| Relator term | illustrator |
| 942 ## - ADDED ENTRY ELEMENTS (KOHA) | |
| Source of classification or shelving scheme | Dewey Decimal Classification |
| Koha item type | Books |
| Suppress in OPAC | No |
| Withdrawn status | Lost status | Source of classification or shelving scheme | Damaged status | Not for loan | Collection | Home library | Current library | Shelving location | Date acquired | Total Checkouts | Full call number | Barcode | Date last seen | Price effective from | Koha item type |
|---|---|---|---|---|---|---|---|---|---|---|---|---|---|---|---|
| Dewey Decimal Classification | Non-Fiction | Footprints International School Library Network Toul Kork Campus | Footprints International School Library Network Toul Kork Campus | TTP Secondary Non-Fiction Bookshelves | 10/25/2024 | MYE 323.092 E185.W55 | FIS07360 | 10/25/2024 | 10/25/2024 | Books |
